000
00232nam a22000977a 4500
999
_c
15941
_d
15941
003
OSt
008
191024b ||||| |||| 00| 0 eng d
100
_a
Damodaran,Ponkunnam
_9
4418
245
_a
Sarppam Kothunna Sathyangal
942
_c
BK